Oxford learner's pocket dictionary : (Record no. 6822)

MARC details
000 -LEADER
fixed length control field 01135nam a22002537a 4500
001 - CONTROL NUMBER
control field 6822
003 - CONTROL NUMBER IDENTIFIER
control field FISKH
005 - DATE AND TIME OF LATEST TRANSACTION
control field 20250529142827.0
008 - FIXED-LENGTH DATA ELEMENTS--GENERAL INFORMATION
fixed length control field 250529b cb ||||| |||| 00| 0 eng d
020 ## - INTERNATIONAL STANDARD BOOK NUMBER
International Standard Book Number 9780194315890
040 ## - CATALOGING SOURCE
Original cataloging agency FISKH
Language of cataloging eng
Transcribing agency FISKH
Modifying agency FISKH
050 ## - LIBRARY OF CONGRESS CALL NUMBER
Classification number PE1628
082 ## - DEWEY DECIMAL CLASSIFICATION NUMBER
Classification number 423
100 ## - MAIN ENTRY--PERSONAL NAME
Personal name Oxford
245 ## - TITLE STATEMENT
Title Oxford learner's pocket dictionary :
Remainder of title New edition /
Statement of responsibility, etc. By Oxford
250 ## - EDITION STATEMENT
Edition statement First published 2003
260 ## - PUBLICATION, DISTRIBUTION, ETC.
Place of publication, distribution, etc. New York :
Name of publisher, distributor, etc. Oxford University Press ,
Date of publication, distribution, etc. 2003.
300 ## - PHYSICAL DESCRIPTION
Extent 508 pages :
Other physical details illustrations ;
Dimensions 16 cm .
520 ## - SUMMARY, ETC.
Summary, etc. The Oxford Learner's Pocket Dictionary makes it easy for students to find what they want to know. The Oxford 3000(TM) keywords show the most frequent and the most useful words students need to know at this level. As well as meanings, there are thousands of examples which show how to use words, and grammar patterns to show how to avoid mistakes. It is really handy for exam revision and as a quickreference guide to English vocabulary.
650 ## - SUBJECT ADDED ENTRY--TOPICAL TERM
Topical term or geographic name entry element English Dictionary
Form subdivision Non-fiction
650 ## - SUBJECT ADDED ENTRY--TOPICAL TERM
Topical term or geographic name entry element Multiples
Form subdivision Non-fiction
942 ## - ADDED ENTRY ELEMENTS (KOHA)
Source of classification or shelving scheme Dewey Decimal Classification
Koha item type Books
Suppress in OPAC No
Holdings
Withdrawn status Lost status Source of classification or shelving scheme Damaged status Not for loan Collection Home library Current library Shelving location Date acquired Total Checkouts Full call number Barcode Date last seen Price effective from Koha item type
    Dewey Decimal Classification     Reference Footprints International School Library Network Toul Tom Poung Campus Footprints International School Library Network Toul Tom Poung Campus Librarian's Shelf TTP 05/29/2025   OXF 423 PE1628 2025-1440 05/29/2025 05/29/2025 Books